| 000 | 00529nam a2200181 i 4500 | ||
|---|---|---|---|
| 001 | bg | ||
| 100 | 1 | _aKŁĘBOWSKI, Zenobiusz | |
| 245 | 1 | 0 |
_aWytrzymałość przemysłowych naczyń ciśnieniowych / _cZenobiusz Kłębowski. |
| 260 |
_aWarszawa : _bPWT, _c1960. |
||
| 650 | 9 |
_aNaczynia ciśnieniowe _xmechanika |
|
| 650 | 9 | _aWytrzymałość materiałów | |
| 655 | _aPodręczniki akademickie | ||
| 040 | _cBPK | ||
| 041 | 0 | _apol | |
| 080 | _a621.64:539.4](075.8) | ||
| 942 | _cKS | ||
| 008 | s pl f |000 0 pol | ||
| 999 |
_c35495 _d35495 |
||
| 856 |
_uhttp://koha.tu.koszalin.pl/cgi-bin/koha/opac-detail.pl?biblionumber=35495 _yKatalog online BPK |
||